000 00324nam a2200133Ia 4500
008 170620s9999 xx 000 0 und d
020 _a8174763805
100 _aPANDEYA-S.N
245 0 _aATEXT BOOK OF INORGANIC MEDICAL CHEMISTRY
260 _bS.G.
260 _c2004
300 _a458
546 _aEnglish
690 _a INORGANIC MEDICAL CHEMISTRY
999 _c30535
_d30535